[Event "Biel MTO op 43rd"]
[Site "Biel"]
[Date "2010.07.27"]
[Round "9"]
[White "Mikhalevski, Victor"]
[Black "Domont, Alexandre"]
[Result "1/2-1/2"]
[WhiteElo "2610"]
[BlackElo "2328"]
[PlyCount "129"]
[EventDate "2010.07.19"]
[EventType "swiss"]
[EventRounds "11"]
[EventCountry "SUI"]
[SourceTitle "CBM 137 Extra"]
[Source "ChessBase"]
[SourceDate "2010.09.01"]
[SourceVersion "1"]
[SourceVersionDate "2010.09.01"]
[SourceQuality "1"]

1. d4 d5 2. c4 c6 3. Nf3 Nf6 4. e3 g6 5. Nc3 Bg7 6. Qb3 0-0 7. Bd2 Qb6 8. cxd5 Nxd5 9. Bc4 Qxb3 10. Bxb3 Nc7 11. Ne4 Nba6 12. 0-0 Be6 13. Rfc1 Bxb3 14. axb3 f5 15. Nc5 Nxc5 16. Rxc5 Na6 17. Rc2 Rfd8 18. Ra5 Nc7 19. Kf1 Rd5 20. Ke2 Nb5 21. Ra4 Bf6 22. h3 h5 23. h4 Rad8 24. Be1 R8d7 25. Rac4 Kf7 26. Kf1 Ke8 27. Ra4 Kf7 28. Ra1 Ke8 29. Rac1 Kf7 30. Bc3 Ke8 31. b4 Kd8 32. Ke2 Kc7 33. Ra1 Rd8 34. g3 Re8 35. Rcc1 a6 36. Ra2 Red8 37. Raa1 Nd6 38. Ne1 Ne4 39. Nd3 e5 40. dxe5 Nxc3+ 41. bxc3 Bxe5 42. Nxe5 Rxe5 43. Rd1 Rxd1 44. Kxd1 c5 45. Kc2 cxb4 46. cxb4 Rd5 47. Kc3 Re5 48. Kc4 Kc6 49. Rd1 a5 50. bxa5 Rxa5 51. Rd8 Re5 52. Rc8+ Kd6 53. Rg8 Re4+ 54. Kd3 Re6 55. Kd4 Re4+ 56. Kd3 Re6 57. f3 Ke5 58. e4 fxe4+ 59. fxe4 Ra6 60. Re8+ Re6 61. Rc8 Rc6 62. Rb8 Rb6 63. Re8+ Re6 64. Rg8 Rb6 65. Re8+ 1/2-1/2

[Event "Biel MTO op 43rd"]
[Site "Biel"]
[Date "2010.07.24"]
[Round "6"]
[White "Domont, Alexandre"]
[Black "Nabavi, Parwis"]
[Result "1-0"]
[WhiteElo "2328"]
[BlackElo "2208"]
[PlyCount "97"]
[EventDate "2010.07.19"]
[EventType "swiss"]
[EventRounds "11"]
[EventCountry "SUI"]
[SourceTitle "CBM 137 Extra"]
[Source "ChessBase"]
[SourceDate "2010.09.01"]
[SourceVersion "1"]
[SourceVersionDate "2010.09.01"]
[SourceQuality "1"]

1. e4 e5 2. f4 d6 3. Nf3 Nc6 4. Bc4 Be7 5. d3 Nf6 6. Nc3 0-0 7. a3 Bg4 8. h3 Bxf3 9. Qxf3 exf4 10. Bxf4 Ne5 11. Bxe5 dxe5 12. 0-0 Bc5+ 13. Kh1 Qe7 14. Ne2 Ne8 15. Qh5 Be3 16. Qf3 Bh6 17. Ng3 g6 18. Rf2 Nd6 19. Bb3 Qg5 20. Nf1 Kg7 21. Re1 Qf4 22. Qe2 Qh4 23. Kh2 Rae8 24. g3 Qe7 25. Ba4 Rc8 26. Ne3 Bxe3 27. Qxe3 c5 28. Bb3 a5 29. Bd5 b6 30. Ref1 f6 31. b4 axb4 32. axb4 Rc7 33. Ra1 Ra7 34. Rff1 Rc8 35. bxc5 bxc5 36. h4 Rcc7 37. Rxa7 Rxa7 38. Qxc5 Rc7 39. Qf2 Nb5 40. Bc4 Na3 41. Bb3 Rc3 42. g4 Nb5 43. g5 fxg5 44. hxg5 h5 45. Qg3 Nd4 46. Rf7+ Qxf7 47. Bxf7 Rxc2+ 48. Kh3 Kxf7 49. Qxe5 1-0

[Event "Biel MTO op 43rd"]
[Site "Biel"]
[Date "2010.07.24"]
[Round "7"]
[White "Maze, Sebastien"]
[Black "Domont, Alexandre"]
[Result "1-0"]
[WhiteElo "2573"]
[BlackElo "2328"]
[PlyCount "50"]
[EventDate "2010.07.19"]
[EventType "swiss"]
[EventRounds "11"]
[EventCountry "SUI"]
[SourceTitle "CBM 137 Extra"]
[Source "ChessBase"]
[SourceDate "2010.09.01"]
[SourceVersion "1"]
[SourceVersionDate "2010.09.01"]
[SourceQuality "1"]

1. d4 d5 2. c4 c6 3. Nc3 Nf6 4. Nf3 dxc4 5. a4 e6 6. g3 Bb4 7. Bg2 Nbd7 8. 0-0 0-0 9. Qc2 Qe7 10. Bf4 Nd5 11. Bg5 f6 12. Bd2 b5 13. axb5 Bxc3 14. bxc3 cxb5 15. Rfb1 a6 16. Bc1 Bb7 17. Ba3 Qf7 18. Bxf8 Qxf8 19. Nd2 Bc6 20. e4 N5b6 21. Nf1 e5 22. Ne3 Ra7 23. d5 Ba8 24. Rxb5 axb5 25. Rxa7 Nc5 1-0

[Event "Biel MTO op 43rd"]
[Site "Biel"]
[Date "2010.07.23"]
[Round "5"]
[White "Hauchard, Arnaud"]
[Black "Domont, Alexandre"]
[Result "1-0"]
[WhiteElo "2526"]
[BlackElo "2328"]
[PlyCount "55"]
[EventDate "2010.07.19"]
[EventType "swiss"]
[EventRounds "11"]
[EventCountry "SUI"]
[SourceTitle "CBM 137 Extra"]
[Source "ChessBase"]
[SourceDate "2010.09.01"]
[SourceVersion "1"]
[SourceVersionDate "2010.09.01"]
[SourceQuality "1"]

1. e4 c5 2. Nf3 Nc6 3. Bb5 g6 4. Bxc6 dxc6 5. d3 Bg7 6. Nc3 Nf6 7. Be3 b6 8. h3 Nd7 9. Qd2 h6 10. a3 a5 11. 0-0 e5 12. Nh2 Nf8 13. Na4 Rb8 14. b4 cxb4 15. axb4 b5 16. Nc5 a4 17. Qc3 Nh7 18. f4 Qe7 19. Nf3 f6 20. fxe5 fxe5 21. Na6 Bxa6 22. Qxc6+ Qd7 23. Qxg6+ Kd8 24. Qxa6 Bf6 25. Rad1 Ke7 26. Bc5+ Ke8 27. d4 Qc8 28. Qd6 1-0

[Event "Biel MTO op 43rd"]
[Site "Biel"]
[Date "2010.07.20"]
[Round "2"]
[White "Domont, Alexandre"]
[Black "Bauer, Christian"]
[Result "0-1"]
[WhiteElo "2328"]
[BlackElo "2612"]
[PlyCount "64"]
[EventDate "2010.07.19"]
[EventType "swiss"]
[EventRounds "11"]
[EventCountry "SUI"]
[SourceTitle "CBM 137 Extra"]
[Source "ChessBase"]
[SourceDate "2010.09.01"]
[SourceVersion "1"]
[SourceVersionDate "2010.09.01"]
[SourceQuality "1"]

1. g3 d5 2. Nf3 g6 3. Bg2 Bg7 4. d4 Nf6 5. 0-0 0-0 6. Bf4 c5 7. c3 Na6 8. Qb3 Nh5 9. Bc1 b6 10. a4 Nc7 11. Na3 Ba6 12. Re1 Qd6 13. e4 dxe4 14. dxc5 bxc5 15. Ng5 Rab8 16. Qa2 Nf6 17. Bf4 e5 18. Rad1 Qe7 19. Bc1 Bc8 20. Qc4 Bg4 21. f3 exf3 22. Bxf3 Bxf3 23. Nxf3 e4 24. Be3 Ne6 25. Ne5 Qc7 26. Bf4 g5 27. Nxf7 Nxf4 28. Nxg5+ Kh8 29. Nb5 Qe5 30. Nf7+ Rxf7 31. Qxf7 Nh3+ 32. Kg2 Ng5 0-1

[Event "SUI-chT"]
[Site "Switzerland"]
[Date "2010.04.25"]
[Round "3.8"]
[White "Gaehler, Marco"]
[Black "Domont, Alexandre"]
[Result "1-0"]
[WhiteElo "2257"]
[BlackElo "2347"]
[PlyCount "77"]
[EventDate "2010.02.14"]
[EventType "team-tourn"]
[EventRounds "9"]
[EventCountry "SUI"]
[SourceTitle "EXT 2011"]
[Source "ChessBase"]
[SourceDate "2010.11.26"]
[SourceVersion "1"]
[SourceVersionDate "2010.11.26"]
[SourceQuality "1"]
[WhiteTeam "Wollishofen"]
[BlackTeam "Lausanne"]
[WhiteTeamCountry "SUI"]
[BlackTeamCountry "SUI"]

1. e4 c5 2. Nc3 Nc6 3. Bb5 g6 4. Bxc6 dxc6 5. d3 e5 6. Nf3 Bd6 7. 0-0 Be6 8. Bg5 Qd7 9. a3 h6 10. Be3 Nf6 11. b4 c4 12. d4 Bg4 13. h3 Bxf3 14. Qxf3 Qe7 15. Rfd1 exd4 16. Rxd4 Be5 17. Rxc4 Qe6 18. Bd4 Nd7 19. Qe2 0-0 20. Bxe5 Nxe5 21. Rd4 b5 22. Rad1 Nc4 23. f4 a5 24. Qf2 axb4 25. axb4 Ra3 26. R1d3 Qe7 27. Kh2 Qxb4 28. Qg3 Qc5 29. Ne2 Rxd3 30. cxd3 Nb6 31. f5 g5 32. Rd6 f6 33. Nd4 Nc8 34. Rd7 Qb6 35. Ne6 Re8 36. Rg7+ Kh8 37. Rg6 Ne7 38. Rxh6+ Kg8 39. Rxf6 1-0

[Event "Biel MTO op 42nd"]
[Site "Biel"]
[Date "2009.07.28"]
[Round "8"]
[White "Domont, Alexandre"]
[Black "Gritsak, Orest"]
[Result "0-1"]
[WhiteElo "2345"]
[BlackElo "2519"]
[PlyCount "68"]
[EventDate "2009.07.20"]
[EventType "swiss"]
[EventRounds "11"]
[EventCountry "SUI"]
[SourceTitle "CBM 131 Extra"]
[Source "ChessBase"]
[SourceDate "2009.09.03"]
[SourceVersion "2"]
[SourceVersionDate "2009.09.16"]
[SourceQuality "1"]

1. e4 c5 2. Nf3 d6 3. d4 cxd4 4. Nxd4 Nf6 5. Nc3 e6 6. g3 Nc6 7. Bg2 Bd7 8. 0-0 Be7 9. Be3 0-0 10. Qe2 a6 11. Rad1 Qc7 12. g4 Nxd4 13. Rxd4 e5 14. Rc4 Qd8 15. g5 Ng4 16. Bd2 b5 17. Rb4 Bxg5 18. h3 Nh6 19. Rd1 Be6 20. Bxg5 Qxg5 21. Qd2 Qh4 22. Qxd6 Bxh3 23. Qxe5 Bxg2 24. Kxg2 Qxf2+ 25. Kxf2 Ng4+ 26. Ke2 Nxe5 27. a4 Nc6 28. Rb3 Na5 29. Rb4 Nc6 30. Rb3 b4 31. Nd5 Rae8 32. Re3 Re5 33. Nc7 Rc8 34. Rd7 Nb8 0-1

[Event "SUI-ch"]
[Site "Graechen"]
[Date "2009.07.16"]
[Round "8"]
[White "Williams, Simon Kim"]
[Black "Domont, Alexandre"]
[Result "1-0"]
[WhiteElo "2527"]
[BlackElo "2345"]
[PlyCount "77"]
[EventDate "2009.07.09"]
[EventType "swiss"]
[EventRounds "9"]
[EventCountry "SUI"]
[SourceTitle "CBM 131 Extra"]
[Source "ChessBase"]
[SourceDate "2009.09.03"]
[SourceVersion "2"]
[SourceVersionDate "2009.09.16"]
[SourceQuality "1"]

1. c4 c6 2. d4 d5 3. Nc3 e6 4. e4 dxe4 5. Nxe4 Bb4+ 6. Bd2 Qxd4 7. Bxb4 Qxe4+ 8. Be2 Na6 9. Ba5 b6 10. Qd6 f6 11. f3 Qf5 12. Qxc6+ Kf7 13. Bc3 Rb8 14. g4 Qc5 15. Qxc5 Nxc5 16. Nh3 h5 17. g5 e5 18. Nf2 Ne7 19. 0-0-0 Be6 20. b3 Ng6 21. Nd3 Rbd8 22. gxf6 Nxd3+ 23. Bxd3 Nf4 24. fxg7 Nxd3+ 25. Rxd3 Kxg7 26. Re3 Rh6 27. Rxe5 Kf7 28. Rf1 h4 29. f4 Bh3 30. Rf2 Rg8 31. Rg5 Rhg6 32. Kd2 Rd8+ 33. Kc2 Rxg5 34. fxg5+ Kg6 35. Bf6 Re8 36. Kd3 Re1 37. Kd4 Rd1+ 38. Ke5 a5 39. Rf4 1-0